00231nam a2200097Ia 4500008004100000100002000041245004500061260001000106260000900116300000800125170620s9999 xx 000 0 und d aSeetharamu- A.S 0aPROBLEMS OF EDUCATION AND MENTAL HYGEINE balpha c2006 a288